| 000 | 01194cam a22003734a 4500 | ||
|---|---|---|---|
| 001 | 3715 | ||
| 003 | FISKH | ||
| 005 | 20250828150549.0 | ||
| 008 | 011003s2003 maua b 000 0 eng | ||
| 010 | _a 2001052494 | ||
| 020 | _a0763614068 (alk. paper) | ||
| 020 | _a9780545496643 | ||
| 040 |
_aDLC _cDLC _dDLC _beng |
||
| 050 | 0 | 0 |
_aQA113 _b.S367 2003 |
| 082 | 0 | 0 |
_a513.2/11 _a[E] _221 |
| 100 | 1 | _aSayre, April Pulley. | |
| 245 | 1 | 0 |
_aOne is a snail, ten is a crab : _ba counting by feet book / _cApril Pulley Sayre and Jeff Sayre ; illustrated by Randy Cecil. |
| 260 |
_aNew York : _bScholastic, _c2003. |
||
| 300 |
_a36 unnumbered pages : _bcolor illustrations ; _c23 x 27 cm |
||
| 505 | _aE | ||
| 520 | _aA counting book featuring animals with different numbers of feet. | ||
| 521 | 8 |
_a200
_bLexile |
|
| 521 | 8 |
_aE
_bRaz-Plus |
|
| 650 | 0 |
_aCounting _vJuvenile literature. |
|
| 650 | 0 |
_aFoot _vJuvenile literature. |
|
| 650 | 1 | _aCounting. | |
| 650 | 1 | _aFoot. | |
| 650 | 1 | _aAnimals. | |
| 700 | 1 |
_aSayre, Jeff _eAuthor |
|
| 700 | 1 |
_aCecil, Randy, _eillustrator |
|
| 906 |
_a7 _bcbc _corignew _d1 _eocip _f20 _gy-gencatlg |
||
| 942 |
_2ddc _cBK _n0 |
||
| 999 |
_c3715 _d3715 |
||